000 00355nam a22001337a 4500
999 _c534814
_d534814
020 _a9788131517378
082 _a005.72 SKL
100 _aSklar, Joel
245 _aWeb Design Principles /
_cJoel Sklar
260 _aNew Delhi :
_bCengage Learning,
_c2017.
300 _a648 p.
942 _2ddc
_cBK